Comentarios al Código Civil y compilaciones forales (Registro nro. 160570)
[ vista simple ]
| 000 -LEADER | |
|---|---|
| fixed length control field | 01381ny a22003013n 4500 |
| 008 - FIXED-LENGTH DATA ELEMENTS--GENERAL INFORMATION | |
| fixed length control field | 080718s1989 sp s 000 0 spa c |
| 020 ## - INTERNATIONAL STANDARD BOOK NUMBER | |
| International Standard Book Number | 978-84-713061-7-3 |
| 035 ## - | |
| -- | 445 |
| 040 ## - CATALOGING SOURCE | |
| Original cataloging agency | UMA.DER |
| Modifying agency | vLex |
| 080 ## - | |
| -- | 347(460) |
| 090 ## - | |
| -- | 2137 |
| -- | 2137 |
| 245 00 - TITLE STATEMENT | |
| Title | Comentarios al Código Civil y compilaciones forales |
| Medium | [Recurso electrónico] |
| Statement of responsibility, etc | dirigidos por Manuel Albaladejo y Silvia Díaz Alabart |
| 250 ## - | |
| -- | 2ª ed |
| 256 ## - | |
| -- | Servicio en línea |
| 260 ## - PUBLICATION, DISTRIBUTION, ETC. (IMPRINT) | |
| Place of publication, distribution, etc | Madrid : |
| Name of publisher, distributor, etc | Editorial Revista de Derecho Privado : |
| -- | Editoriales de Derecho Reunidas, |
| Date of publication, distribution, etc | 1989 |
| 505 0# - FORMATTED CONTENTS NOTE | |
| Title | Tomo XIII, Vol. 1, Artículos 912 a 958 del Código Civil / |
| Statement of responsibility | comentados por Manuel Albaladejo García |
| 506 1# - RESTRICTIONS ON ACCESS NOTE | |
| Terms governing access | Contenido solo disponible en los productos indicados |
| Authorized users | vLex Global |
| -- | vLex Global (Academic Edition, excluding Law Schools) |
| -- | vLex Global (U.S. Academic Edition, Law Schools) |
| -- | vLex Global (U.S. Academic Edition, excluding Law Schools) |
| -- | vLex Global (Academic Edition, Law Schools) |
| 650 ## - SUBJECT ADDED ENTRY--TOPICAL TERM | |
| Source of heading or term | Tesauro vLex |
| Topical term or geographic name as entry element | Civil |
| 650 ## - SUBJECT ADDED ENTRY--TOPICAL TERM | |
| Source of heading or term | Tesauro vLex |
| Topical term or geographic name as entry element | Código civil |
| 650 ## - SUBJECT ADDED ENTRY--TOPICAL TERM | |
| Source of heading or term | Tesauro vLex |
| Topical term or geographic name as entry element | Sucesorio |
| 700 1# - ADDED ENTRY--PERSONAL NAME | |
| Personal name | Albaladejo García, Manuel, |
| Relator term | com |
| 700 1# - ADDED ENTRY--PERSONAL NAME | |
| Personal name | Albaladejo García, Manuel, |
| Relator term | dir |
| 700 1# - ADDED ENTRY--PERSONAL NAME | |
| Personal name | Díaz Alabart, Silvia, |
| Relator term | dir |
| 740 0# - | |
| -- | vLex Libros (Servicios en línea) |
| 856 40 - LOCALIZACIÓN Y ACCESO ELECTRÓNICO | |
| Identificador Uniforme del Recurso (URI/URL) | https://app.vlex.com/#/sources/445 |
| 942 ## - | |
| -- | RAA |
| 999 ## - | |
| -- | 160570 |
| -- | 160570 |
No hay ítems disponibles.